Jean Dubuffet: obras, escritos y entrevistas

Gespeichert in:
Bibliographische Detailangaben
Hauptverfasser: Costa, Valerie da (VerfasserIn), Hergott, Fabrice (VerfasserIn)
Format: Buch
Sprache:Spanisch
Veröffentlicht: Barcelona Ediciones Polígrafa 2006
Ausgabe:1a. ed
Schlagworte:
Tags: Tag hinzufügen
Keine Tags, Fügen Sie den ersten Tag hinzu!

MARC

LEADER 00000cam a2200000 a 4500
001 UCE1215
003 CL-VaPUC
008 140331e20060000sp |||||||||||||||||spa|d
020 |a 8434309246 
082 0 4 |a 759.4  |b COS  |2 21 
100 0 |a Costa, Valerie da  |e author  |9 573566 
700 0 |a Hergott, Fabrice  |e author  |9 573567 
245 1 0 |a Jean Dubuffet: obras, escritos y entrevistas 
250 |a 1a. ed 
300 |a 159 p 
942 |c BK 
945 |d 20140331 09:48:00  |a dcastane 
260 |a Barcelona  |b Ediciones Polígrafa  |c 2006 
650 0 |a Pintores franceses   |9 340354 
650 0 |a Pintura francesa  |9 266122 
650 0 |a Arte moderno  |9 265333 
650 0 |a Biografías  |9 255210 
583 |a last modification  |c 20140331 09:48:00  |k Rodrigo Vera 
999 |c 355094  |d 355092 
952 |0 0  |1 0  |3 erd  |4 0  |6 759_400000000000000_COS_2006  |7 0  |8 R  |9 461464  |a BIBART  |b BIBART  |i 5065445  |l 5  |o 759.4 COS 2006  |p 5065445  |r 2025-03-13  |s 2021-12-27  |w 2019-11-23  |y BK_R  |z Catalogado en:20140331  |k ART